Piłka nożna - FC Barcelona vs Real Madryt - Statystyki

Ogólne statystyki
  • Ten quiz został rozwiązany 239 razy
  • Średni wynik to 10 z 15
Statystyki odpowiedzi
Zagadnienie Odpowiedź % Poprawnych
Więcej wygranych Lig Mistrzów ma: Real Madryt
93%
Więcej Polaków występowało w seniorskiej drużynie: FC Barcelony
87%
Więcej piłkarzy, którzy zdobyli nagrodę Golden Boy, występowało w swojej karierze w: FC Barcelonie
86%
Więcej zdobytych mistrzostw Hiszpanii ma: Real Madryt
82%
Więcej wygranych Klubowych Mistrzostw Świata ma: Real Madryt
81%
Więcej wygranych Lig Europy/Pucharów UEFA ma: Real Madryt
75%
Więcej wygranych Copa del Rey (Pucharów Króla) ma: FC Barcelona
74%
Rekordowy transfer wychodzący którego z tych klubów opiewał na wyższą kwotę (wg. Transfermarkt.pl)? FC Barcelony
74%
Starszym klubem jest: FC Barcelona
70%
Więcej wygranych meczów w bezpośrednich starciach (El Clasico) ma (stan na sierpień 2025): Real Madryt
67%
Który z tych stadionów ma większą pojemność? Camp Nou
65%
Rekordowy transfer przychodzący którego z tych klubów opiewał na wyższą kwotę (wg. Transfermarkt.pl)? FC Barcelony
58%
Więcej wygranych Superpucharów Hiszpanii ma: FC Barcelona
57%
Więcej zawodników, którzy wygrali Złotą Piłkę i występowali w klubie w historii ma (każdy zawodnik - jedno miejsce): Real Madryt
41%
Carles Puyol dla FC Barcelony czy Raul dla Realu Madryt - który z tych ikonicznych kapitanów rozegrał więcej oficjalnych meczów dla swojej drużyny? Raul
23%
Nie znaleziono quizów pasujących do podanych kryteriów
Rozkład punktacji
Procent ludzi z każdym wynikiem
Percentyl według liczby udzielonych odpowiedzi
Twoja historia wyników
Nie rozwiązałeś tego quizu